000 00312nam a22001337a 4500
008 170815b xxu||||| |||| 00| 0 eng d
020 _a9780130871497
041 _aeng
080 _26TH
_a51
100 _a36
101 _aMAT
245 _aBRIEF CALCULUS AND ITS APPLICATIONS
_cGOLDSTEIN,L.J
942 _2udc
_cBK
999 _c23565
_d23565